Pies by Images - Statistics

General Stats
  • This quiz has been taken 67 times
  • The average score is 8 of 16
Answer Stats
Picture Answer % Correct
Apple pie
96%
Key lime pie
80%
Pumpkin pie
79%
Cherry pie
77%
Pecan pie
75%
Blueberry pie
73%
Shepherds pie
59%
Lemon meringue pie
55%
Rhubarb pie
54%
Chicken pot pie
41%
Banoffee pie
27%
Walnut pie
23%
Mississippi Mud pie
13%
Calzone
9%
Shoofly pie
4%
Buko pie
2%
No matching quizzes found
Score Distribution
Percent of People with Each Score
Percentile by Number Answered
Your Score History
You have not taken this quiz